Liquid Transparency Changing Dynamics Estimation by Means of Digital Speckle Correlation; 2017 Progress In Electromagnetics Research Symposium - Spring (PIERS)

Dettagli Bibliografici
Parent link:2017 Progress In Electromagnetics Research Symposium - Spring (PIERS).— 2018.— [P. 3172-3176]
Autore principale: Li Lin
Ente Autore: Национальный исследовательский Томский политехнический университет Исследовательская школа химических и биомедицинских технологий
Altri autori: Bloshkina A. I. Alyona Igorevna, Gubarev F. A. Fedor Aleksandrovich
Riassunto:Title screen
The paper presents the speckle images produced by clotting plasma when illuminating with coherent light. By analyzing the changes of speckle images, it is possible to characterize the clotting process. In particular, initial, final, the rate of the reaction, and the prothrombin time can be identified. The results of study prognosticate the possibility to measure the clotting time of the human blood in a real time.
Режим доступа: по договору с организацией-держателем ресурса
Lingua:inglese
Pubblicazione: 2018
Soggetti:
Accesso online:https://doi.org/10.1109/PIERS.2017.8262303
Natura: Elettronico Capitolo di libro
KOHA link:https://koha.lib.tpu.ru/cgi-bin/koha/opac-detail.pl?biblionumber=664566

MARC

LEADER 00000naa0a2200000 4500
001 664566
005 20250814134622.0
035 |a (RuTPU)RU\TPU\network\35750 
035 |a RU\TPU\network\35676 
090 |a 664566 
100 |a 20210421d2018 k||y0engy50 ba 
101 0 |a eng 
135 |a drcn ---uucaa 
181 0 |a i  
182 0 |a b 
200 1 |a Liquid Transparency Changing Dynamics Estimation by Means of Digital Speckle Correlation  |f Li Lin, A. I. Bloshkina, F. A. Gubarev 
203 |a Text  |c electronic 
300 |a Title screen 
320 |a [References: 11 tit.] 
330 |a The paper presents the speckle images produced by clotting plasma when illuminating with coherent light. By analyzing the changes of speckle images, it is possible to characterize the clotting process. In particular, initial, final, the rate of the reaction, and the prothrombin time can be identified. The results of study prognosticate the possibility to measure the clotting time of the human blood in a real time. 
333 |a Режим доступа: по договору с организацией-держателем ресурса 
463 |t 2017 Progress In Electromagnetics Research Symposium - Spring (PIERS)  |o St. Petersburg, Russia, 22-25 May, 2017  |v [P. 3172-3176]  |d 2018 
610 1 |a электронный ресурс 
610 1 |a труды учёных ТПУ 
610 1 |a speckle 
610 1 |a coagulation 
610 1 |a correlation 
610 1 |a optics 
610 1 |a time measurement 
610 1 |a lasers 
610 1 |a спеклы 
610 1 |a коагуляция 
610 1 |a корреляция 
610 1 |a оптика 
610 1 |a лазеры 
610 1 |a прозрачность 
610 1 |a жидкости 
700 0 |a Li Lin  |c specialist in the field of electronics  |c research engineer at Tomsk Polytechnic University  |f 1990-  |3 (RuTPU)RU\TPU\pers\36367 
701 1 |a Bloshkina  |b A. I.  |g Alyona Igorevna 
701 1 |a Gubarev  |b F. A.  |c specialist in the field of electronics  |c Associate Professor of Tomsk Polytechnic University, Candidate of physical and mathematical sciences  |f 1979-  |g Fedor Aleksandrovich  |3 (RuTPU)RU\TPU\pers\31657  |9 15794 
712 0 2 |a Национальный исследовательский Томский политехнический университет  |b Исследовательская школа химических и биомедицинских технологий  |c (2017- )  |3 (RuTPU)RU\TPU\col\23537 
801 2 |a RU  |b 63413507  |c 20210421  |g RCR 
856 4 |u https://doi.org/10.1109/PIERS.2017.8262303 
942 |c CF